Degenerative Erkrankungen des Auges : Hauptreferate 18. Essener Fortbildungstagung fur Augenärzte /

Uložené v:
Podrobná bibliografia
Ďalší autori: Lund, Otto-Erich (Editor), Waubke, Theo N. (Editor)
Médium: Kniha
Jazyk:German
Vydané: Stuttgart : New York : Ferdinand Enke Verlag, 1983.
Vydanie:1. Aufl.
Edícia:Bücherei des Augenarztes Heft 97
ISBN: 3432936516 (brož.)
Fyzický popis: 223 s.
Tagy: Pridať tag
Žiadne tagy, Buďte prvý kto otaguje tento záznam!

MARC

LEADER 00000nam a22000007a 4500
001 000414432
005 20130104083243.0
008 870305s1983 gw e ger d
020 |a 3432936516 (brož.)  |c Kčs 680,00 
040 |a SVKKK  |b slo  |c SVKKK  |e AACR2 
041 0 |a ger 
044 |a gw  |c DE 
245 0 0 |a Degenerative Erkrankungen des Auges :  |b Hauptreferate 18. Essener Fortbildungstagung fur Augenärzte /  |c herausgegeben von Otto-Erich Lund, Theo N. Waubke. 
250 |a 1. Aufl. 
260 |a Stuttgart :  |a New York :  |b Ferdinand Enke Verlag,  |c 1983. 
300 |a 223 s. 
490 1 |a Bücherei des Augenarztes  |v Heft 97 
700 1 |a Lund, Otto-Erich  |4 edt 
700 1 |a Waubke, Theo N.  |4 edt 
830 0 |a Bücherei des Augenarztes  |v Heft 97 
910 |a svkkk 
919 |a 3-432-93651-6 
998 |a BK 
090 |g SCKHL  |k Sklad Pribinova prízemie  |a IV.125350  |j 692914  |i B278064  |s Absenčne